e-Justice in India: A conceptual framework (Record no. 531208)

000 -LEADER
fixed length control field 01436nam a22001457a 4500
008 - FIXED-LENGTH DATA ELEMENTS--GENERAL INFORMATION
fixed length control field 250801b ||||| |||| 00| 0 eng d
100 ## - MAIN ENTRY--PERSONAL NAME
Personal name Babu,D. Ravindra Satish
245 ## - TITLE STATEMENT
Title e-Justice in India: A conceptual framework
260 ## - PUBLICATION, DISTRIBUTION, ETC. (IMPRINT)
Place of publication, distribution, etc Indian Journal of Public Administration
300 ## - PHYSICAL DESCRIPTION
Extent 71(2), Jun, 2025: p.328-341
520 ## - SUMMARY, ETC.
Summary, etc The article examines the introduction of information and communication technology (ICT) in India’s judicial system and its implications on judicial procedures and governance, potentially influencing constitutional values like transparency and accountability. It conceptualises the functional and managerial aspects of smart judicial governance. As this is a new initiative, there is limited performance data regarding the application of e-justice technologies. Additionally, the article explores the conceptual framework of e-justice and the digital divide within India, analysing techniques and methods from qualitative and quantitative perspectives. It proposes a gradual transition towards new techno-cultural methods and emphasises the potential of these innovations in delivering justice to all communities and societies.- Reproduced

https://journals.sagepub.com/doi/full/10.1177/00195561251339041
650 ## - SUBJECT ADDED ENTRY--TOPICAL TERM
Topical term or geographic name as entry element Digital divide, e-Judiciary, e-Court, Smart administration, Computerisation, Governance.
9 (RLIN) 55916
773 ## - HOST ITEM ENTRY
Main entry heading Indian Journal of Public Administration
942 ## - ADDED ENTRY ELEMENTS (KOHA)
Item type Articles
Holdings
Withdrawn status Lost status Source of classification or shelving scheme Damaged status Not for loan Permanent location Current location Date acquired Serial Enumeration / chronology Barcode Date last seen Koha item type
          Indian Institute of Public Administration Indian Institute of Public Administration 2025-08-01 71(2), Jun, 2025: p.328-341 AR136917 2025-08-01 Articles

Powered by Koha